| 000 | 00000nas 2200000za 4500 |
| 001 | 9.842215 |
| 003 | CaOODSP |
| 005 | 20221107152257 |
| 007 | cr ||||||||||| |
| 008 | 170822d19501960oncar p oss f0###a0eng|d |
| 022 | |y0844-6822 |
| 040 | |aCaOODSP|beng |
| 041 | |aeng|afre |
| 043 | |an-cn--- |
| 086 | 1 |aCS11-204-PDF |
| 110 | 1 |aCanada. |bDominion Bureau of Statistics. |
| 245 | 10|aCurrent publications of the Dominion Bureau of Statistics |h[electronic resource]. |
| 246 | 10|aCurrent publications|f1954-1960 |
| 246 | 13|aCurrent publications|f1959-1960 |
| 246 | 13|aPublications of the Dominion Bureau of Statistics |
| 260 | |a[Ottawa] : |bDominion Bureau of Statistics, |c[1950]-1960. |
| 310 | |aAnnual |
| 362 | 0 |a1950-1960. |
| 500 | |aDigitized edition from print [produced by Statistics Canada]. |
| 515 | |aIssues for 1952, 1955 and 1957 not published. |
| 525 | |aIncludes supplements. |
| 546 | |aText in English only, 1950-1958; text in English and French, 1959-1960. |
| 550 | |aIssued 1950-1951 by the Library, Information Services Division; 1953 by the Information Services Division. |
| 692 | 07|2gccst|aStatistics |
| 692 | 07|2gccst|aPublishing |
| 710 | 1 |aCanada.|bDominion Bureau of Statistics.|bLibrary. |
| 710 | 1 |aCanada. |bDominion Bureau of Statistics.|bInformation Services Division. |
| 780 | 00|tPublications of the Dominion Bureau of Statistics including reports, bulletins, press releases, etc. |w(CaOODSP)9.842213 |
| 792 | |tCurrent publications of the Dominion Bureau of Statistics |efre|w(CaOODSP)9.842216 |